Избранное

Bibliografiske detaljer
Hovedforfatter: Нагаев Г. Д. Герман Данилович
Andre forfattere: Рябчиков Е. (автор предисловия), Нагаева Т. (составитель)
Summary:Исключено из фонда НТБ ТПУ
Sprog:russisk
Udgivet: Москва, Художественная литература, 1987
Format: Bog
KOHA link:https://koha.lib.tpu.ru/cgi-bin/koha/opac-detail.pl?biblionumber=145130

MARC

LEADER 00000nam0a2200000 4500
001 145130
005 20231031143941.0
020 |a RU  |b 88-987 
035 |a (RuTPU)RU\TPU\book\157301 
090 |a 145130 
100 |a 20081013d1987 m y0rusy5003 ca 
101 0 |a rus 
102 |a RU 
105 |a a z 000ay 
200 1 |a Избранное  |f Г. Д. Нагаев  |g авт. предисл. Е. Рябчиков ; сост. Т. Нагаева 
210 |a Москва  |c Художественная литература  |d 1987 
215 |a 605,[2] с.,[1] л. портр.  |c ил. 
333 |a Исключено из фонда НТБ ТПУ 
700 1 |a Нагаев  |b Г. Д.  |g Герман Данилович 
702 1 |a Рябчиков  |b Е.  |4 080 
702 1 |a Нагаева  |b Т.  |4 220 
801 0 |a RU  |b RuMRKP  |c 19950417  |g psbo 
801 1 |a RU  |b 63413507  |c 20081013  |g PSBO 
801 2 |a RU  |b 63413507  |c 20220516  |g PSBO 
942 |c BK